| 000 | 00986cam a2200241 4500 | ||
|---|---|---|---|
| 001 | |||
| 008 | 020716n2002 000 0 eng u | ||
| 020 | _a1842191012 | ||
| 035 | _a(Sirsi) u118859 | ||
| 041 | _aeng. | ||
| 050 | _a333.72 | ||
| 100 | _aCox, J. | ||
| 245 | _aRed man, green man: performance indicators for urban sustainability | ||
| 260 |
_aLondon _bRICS Foundation _c2002 |
||
| 300 |
_av,58p. _c28cm. |
||
| 490 | _aRICS Foundation Research Review Series | ||
| 520 | _aReviews the ways in which progress towards sustainable urban development can be measured. The report finds that those involved in urban development, and the construction and property industries in particular, are 'sceptical, suspicious or unaware' of sustainability issues and urges businesses to actively engage in the sustainability debate. | ||
| 650 | _aPERFORMANCE INDICATORS | ||
| 690 | _aDEVELOPMENT-SUSTAINABLE | ||
| 700 | _aFell, D. | ||
| 700 | _aThurstain-Goodwin, M. | ||
| 942 | _n0 | ||
| 999 |
_c102186 _d102186 |
||